书目信息 |
| 题名: |
讲白
|
|
| 作者: | 刘瑛 著 | |
| 分册: | ||
| 出版信息: | 上海 上海文艺出版社 2024.12 |
|
| 页数: | 265页 | |
| 开本: | 20cm | |
| 丛书名: | ||
| 单 册: | ||
| 中图分类: | I247.7 | |
| 科图分类: | ||
| 主题词: | 短篇小说--中国--当代--小说集 | |
| 电子资源: | ||
| ISBN: | 978-7-5321-9041-6 | |
| 000 | 00978nam0 2200241 450 | |
| 001 | 01214502 | |
| 005 | 20251022131939.36 | |
| 010 | @a978-7-5321-9041-6@dCNY49.00 | |
| 100 | @a20241218d2024 em y0chiy0120 ea | |
| 101 | 0 | @achi |
| 102 | @aCN@b310000 | |
| 105 | @ay z 000ay | |
| 106 | @ar | |
| 200 | 1 | @a讲白@9jiang bai@f刘瑛著 |
| 210 | @a上海@c上海文艺出版社@d2024.12 | |
| 215 | @a265页@d20cm | |
| 314 | @a刘瑛,研究馆员,毕业于上海戏剧学院戏剧文学系。上海作家协会、中国戏剧文学学会会员,上海音协音乐文学专委会副主任。 | |
| 330 | @a本书分为六个部分,第一部分是总起的序言,讲述竹溪的乡村历史,第二部分以娭毑为核心认为,讲述她在村庄里所见证的生活故事,第三部分以嗲嗲为核心人物,叙述他的世界,第四部分为讲白,过渡到第五部分,讲述了乡村职业人,有医生、杀猪匠等等,第六部分闪回,经历漫长的叙事,重溯时间长河。 | |
| 606 | 0 | @a短篇小说@y中国@z当代@j小说集 |
| 690 | @aI247.7@v5 | |
| 701 | 0 | @a刘瑛@9liu ying@4著 |
| 801 | 0 | @aCN@c20250911 |
| 905 | @a河南城建学院图书馆@dI247.7@eL712@ZL712@f1 | |
| 讲白/刘瑛著.-上海:上海文艺出版社,2024.12 |
| 265页;20cm |
| ISBN 978-7-5321-9041-6:CNY49.00 |
| 本书分为六个部分,第一部分是总起的序言,讲述竹溪的乡村历史,第二部分以娭毑为核心认为,讲述她在村庄里所见证的生活故事,第三部分以嗲嗲为核心人物,叙述他的世界,第四部分为讲白,过渡到第五部分,讲述了乡村职业人,有医生、杀猪匠等等,第六部分闪回,经历漫长的叙事,重溯时间长河。 |
| ● |
| 相关链接 |
|
|
|
正题名:讲白
索取号:I247.7/L712
 
预约/预借
| 序号 | 登录号 | 条形码 | 馆藏地/架位号 | 状态 | 备注 |
| 1 | 1635696 | 216356967 | 文学库108/108文学库 60排4列3层/ [索取号:I247.7/L712] | 在馆 |